000 00795cam a22002533a 4500
001 26775
003 PGUSA
005 20140828083558.0
008 081004s2008||||xxu|||||s|||||000 | eng d
040 _aPGUSA
_beng
042 _adc
050 4 _aF590.3
100 1 _aLighton, William R.
_q(William Rheem),
_d1866-1923
245 1 0 _aLewis and Clark :
_bMeriwether Lewis and William Clark
_h[electronic resource] /
_cWilliam R. Lighton
260 _bProject Gutenberg,
_c2008
506 _aPublic domain in the USA.
516 _aElectronic text
653 _aLewis, Meriwether, 1774-1809
653 _aClark, William, 1770-1838
653 _aLewis and Clark Expedition (1804-1806)
830 0 _aProject Gutenberg
_v26775
856 4 0 _uhttp://www.gutenberg.org/ebooks/26775
942 _cEB
999 _c256030
_d256030